000 00827nas a2200253 454500
001 39760
005 20260407193510.0
008 260407s1988####ag###########|||spa#d
003 AR-UNSa-BCEJYS
040 _aAR-UNSa-BCEJYS
_bspa
_cAR-UNSa-BCEJYS
080 _a35
_xAdministración Pública
245 1 0 _aFormación de administradores gubernamentales
264 1 _aBuenos Aires :
_bINAP
_c1988
310 _aFrecuencia: Irregular
041 _aspa
942 _cSER
590 _aniveau_biblio:s niveau_hierar:1
100 1 _aInstituto Nacional de la Administración Pública (INAP)
650 _aADMINISTRACION PUBLICA
650 _aFunción pública
650 _aSector público
650 _aFuncionario público
856 4 1 _uhttps://biblioeco.unsa.edu.ar/pmb/images/revistas/R20405.jpg
_yImagen de portada
_qimage/jpeg
999 _c8853
_d8853